[Event "Frankfurt Ch A 2018"]
[Site "Ffm-Höchst, BiKuZ"]
[Date "2018.06.18"]
[Round "7.48"]
[White "Winter, Olaf"]
[Black "Bernhardt, Winfried"]
[Result "1-0"]
[WhiteElo "1646"]
[BlackElo "1463"]
[PlyCount "123"]
[EventDate "2018.??.??"]
[WhiteTeam "SK Bad Homburg"]
[BlackTeam "SV Nauheim"]

1. c4 e5 2. e3 Nc6 3. a3 Nf6 4. Nc3 a6 5. g3 d5 6. cxd5 Nxd5 7. Bg2 Nxc3 8.
bxc3 Qf6 9. d4 exd4 10. cxd4 Be7 11. Bb2 Rb8 12. Qd2 Na7 13. Ne2 O-O 14. O-O
Qb6 15. Nf4 c6 16. Rab1 Qc7 17. Rfc1 Nb5 18. a4 Nd6 19. e4 Qd8 20. h4 f6 21.
Ba1 Qe8 22. e5 fxe5 23. dxe5 Nf5 24. Bxc6 Qd8 25. Bd5+ Kh8 26. Rd1 b5 27. axb5
Rxb5 28. Rxb5 axb5 29. Ne6 Bxe6 30. Bxe6 Qb6 31. Bxf5 Rxf5 32. Bd4 Qb7 33. Bc5
Bxc5 34. Rf1 Qb6 35. Qe2 b4 36. e6 Qc7 37. Qb5 Qe7 38. Qd7 Qf8 39. Kg2 h6 40.
f4 Qe7 41. Qc6 Bd6 42. Rd1 Bc5 43. Rd7 Qf6 44. Qe4 Qb2+ 45. Kh3 Qf6 46. Rf7
Qxf7 47. exf7 Rxf7 48. Qd5 Rf8 49. Qxc5 Rb8 50. Qc7 Rb5 51. Qd8+ Kh7 52. Qd3+
Rf5 53. Qxf5+ g6 54. Qf7+ Kh8 55. Qb3 Kg7 56. Qxb4 Kf7 57. Qd6 Kg7 58. Qe7+ Kg8
59. Kg4 h5+ 60. Kg5 Kh8 61. Kxg6 Kg8 62. Qg7# 1-0

[Event "Frankfurt Ch A 2018"]
[Site "Ffm-Höchst, BiKuZ"]
[Date "2018.06.18"]
[Round "7.50"]
[White "Wagner, Günter"]
[Black "Gade, Bernt"]
[Result "1-0"]
[WhiteElo "1687"]
[BlackElo "1495"]
[PlyCount "80"]
[EventDate "2018.??.??"]
[WhiteTeam "SV Groß-Gerau"]
[BlackTeam "FV Berkersheim"]

1. Nf3 Nf6 2. g3 d5 3. c4 e6 4. Bg2 Be7 5. O-O O-O 6. cxd5 exd5 7. d4 c6 8. Nc3
Bf5 9. Bg5 h6 10. Bxf6 Bxf6 11. e3 Re8 12. Rc1 Qd7 13. Re1 Na6 14. a3 Rac8 15.
b4 Bg4 16. Qc2 Bf5 17. Qd1 Re7 18. Bf1 Nc7 19. Bd3 Rce8 20. Qc2 Bxd3 21. Qxd3
Qg4 22. Kg2 g6 23. b5 Qd7 24. bxc6 bxc6 25. Na4 Nb5 26. Nc5 Qd6 27. a4 Nc7 28.
Rb1 Ne6 29. Rec1 Nxc5 30. Rxc5 Rc7 31. Rbc1 Rb8 32. Qc3 Rb6 33. a5 Rbb7 34.
Rxc6 Rxc6 35. Qxc6 Qxc6 36. Rxc6 Be7 37. a6 Rb8 38. Rc7 Bd8 39. Rxa7 Bb6 40.
Rb7 Ra8 1-0

[Event "Frankfurt Ch A 2018"]
[Site "Ffm-Höchst, BiKuZ"]
[Date "2018.06.18"]
[Round "7.52"]
[White "Waschke, Thomas"]
[Black "Wich, Manuela"]
[Result "0-1"]
[WhiteElo "1531"]
[BlackElo "1469"]
[PlyCount "40"]
[EventDate "2018.??.??"]
[WhiteTeam "SC Bergen-Enkheim"]
[BlackTeam "Niederräder TG"]

1. e4 Nf6 2. e5 Nd5 3. d4 d6 4. c4 Nb6 5. Nf3 Bg4 6. h3 Bh5 7. exd6 exd6 8. Bd3
Nc6 9. Be3 Be7 10. Nc3 Bf6 11. b3 Nxd4 12. Bxd4 Bxd4 13. Qc2 Bxf3 14. gxf3 Qf6
15. Nd5 Nxd5 16. O-O-O Nb4 17. Qe2+ Qe5 18. Rde1 O-O-O 19. Rhg1 Qxe2 20. Rxe2
Nxd3+ 0-1

[Event "Frankfurt Ch A 2018"]
[Site "Ffm-Höchst, BiKuZ"]
[Date "2018.06.18"]
[Round "7.53"]
[White "Manasek, Martin"]
[Black "Hedrich, Gerd"]
[Result "0-1"]
[WhiteElo "1457"]
[BlackElo "1284"]
[PlyCount "42"]
[EventDate "2018.??.??"]
[WhiteTeam "Bad Vilbeler Sfr"]
[BlackTeam "Wiesbadener SV"]

1. d4 Nf6 2. c4 e6 3. Nf3 d5 4. Nc3 Bb4 5. a3 Bxc3+ 6. bxc3 O-O 7. cxd5 exd5 8.
e3 Ne4 9. Qc2 f5 10. c4 c6 11. Be2 Be6 12. O-O Nd7 13. a4 Rf6 14. Nd2 Rg6 15.
Nf3 Qf6 16. Bb2 h6 17. cxd5 Bxd5 18. Bc4 Nb6 19. Ne5 Rxg2+ 20. Kxg2 Qg5+ 21.
Kh1 Nxf2# 0-1

[Event "Frankfurt Ch A 2018"]
[Site "Ffm-Höchst, BiKuZ"]
[Date "2018.06.18"]
[Round "7.54"]
[White "Nutolo, Dominique"]
[Black "Stulken, Dietmar"]
[Result "1/2-1/2"]
[WhiteElo "1139"]
[BlackElo "1328"]
[PlyCount "40"]
[EventDate "2018.??.??"]
[WhiteTeam "SF Frankfurt"]
[BlackTeam "SF Frankfurt"]

1. e4 e5 2. Nf3 Nc6 3. Bc4 Nf6 4. Nc3 Be7 5. d3 d6 6. h3 Na5 7. Bb5+ Nc6 8. a3
Bd7 9. O-O O-O 10. Bg5 h6 11. Bh4 Nh7 12. Bg3 Bf6 13. Bc4 Be6 14. Bxe6 fxe6 15.
Qe2 Nd4 16. Nxd4 exd4 17. Nd1 e5 18. Qg4 Qc8 19. Qg6 Qe8 20. Qg4 Qc8 1/2-1/2

[Event "Frankfurt Ch B 2018"]
[Site "Ffm-Höchst, BiKuZ"]
[Date "2018.06.18"]
[Round "7.1"]
[White "Krehl, Collin"]
[Black "Goodwin, David"]
[Result "1/2-1/2"]
[WhiteElo "1462"]
[BlackElo "1371"]
[PlyCount "65"]
[EventDate "2018.??.??"]
[WhiteTeam "SV Kelsterbach"]
[BlackTeam "SV Kelsterbach"]

1. d4 Nf6 2. Bf4 d6 3. Nf3 g6 4. e3 Bg7 5. Bd3 Nbd7 6. h3 c5 7. c3 cxd4 8. cxd4
Qa5+ 9. Nbd2 Nd5 10. Bh2 b5 11. O-O a6 12. Qb3 N7f6 13. Rac1 O-O 14. e4 Nb6 15.
e5 Be6 16. Qa3 Qxa3 17. bxa3 dxe5 18. dxe5 Nfd7 19. Rc7 Rad8 20. Be4 Nc4 21.
Nxc4 bxc4 22. Ng5 Nxe5 23. Nxe6 fxe6 24. Bxe5 Bxe5 25. Rxc4 Rd2 26. Rc2 Rd4 27.
f3 Ra4 28. Re1 Bd4+ 29. Kh2 Rxa3 30. Bb7 e5 31. Rc8 Kg7 32. Rxf8 Kxf8 33. Re2
1/2-1/2

[Event "Frankfurt Ch B 2018"]
[Site "Ffm-Höchst, BiKuZ"]
[Date "2018.06.18"]
[Round "7.2"]
[White "Arnold, Aaron"]
[Black "Arnold, Jan"]
[Result "1/2-1/2"]
[WhiteElo "1339"]
[BlackElo "1318"]
[PlyCount "72"]
[EventDate "2018.??.??"]
[WhiteTeam "SC Frankfurt-West"]
[BlackTeam "SC Frankfurt-West"]

1. d4 Nf6 2. Nc3 d5 3. Nf3 Bf5 4. Bf4 e6 5. Nb5 Bd6 6. Nxd6+ cxd6 7. Nh4 Bg4 8.
h3 Bh5 9. g4 Ne4 10. Nf3 Bg6 11. h4 h5 12. g5 f6 13. e3 Nc6 14. Nd2 e5 15. Bh2
fxg5 16. Nxe4 dxe4 17. dxe5 dxe5 18. Qxd8+ Rxd8 19. Bb5 O-O 20. Bxc6 bxc6 21.
Bxe5 g4 22. Bd4 Rd7 23. Be5 Rd5 24. Bf4 Rfd8 25. O-O Rd2 26. Rac1 Bf7 27. a3
Bc4 28. Rfe1 Re2 29. Rxe2 Bxe2 30. Bc7 Rd1+ 31. Rxd1 Bxd1 32. c3 Be2 33. Kg2
Kf7 34. Kg3 Bd1 35. Kf4 Bf3 36. Bb8 a6 1/2-1/2

[Event "Frankfurt Ch B 2018"]
[Site "Ffm-Höchst, BiKuZ"]
[Date "2018.06.18"]
[Round "7.3"]
[White "Grimm, Heinz-Peter"]
[Black "Lessmann, Sven"]
[Result "1-0"]
[WhiteElo "1402"]
[BlackElo "1368"]
[PlyCount "73"]
[EventDate "2018.??.??"]
[WhiteTeam "vereinslos"]
[BlackTeam "SC Bad Soden"]

1. e4 d6 2. d4 Nf6 3. Nc3 g6 4. Bg5 Bg7 5. f3 O-O 6. Qd2 c6 7. Bc4 b5 8. Bd3 a6
9. Nce2 Qb6 10. c3 Nbd7 11. Bh6 e5 12. Bxg7 Kxg7 13. O-O-O d5 14. g4 dxe4 15.
Bxe4 Nxe4 16. fxe4 Nf6 17. Qg5 h6 18. Qxe5 Re8 19. Qc5 Qxc5 20. dxc5 Nxe4 21.
Rf1 Bxg4 22. b4 Bh3 23. Nxh3 Rad8 24. Rd1 Ra8 25. Rhe1 Rec8 26. Kc2 a5 27. Rd4
Re8 28. Ng3 Nf6 29. Rxe8 Nxe8 30. Kb3 axb4 31. cxb4 Nc7 32. Nf4 Re8 33. Rd7
Re3+ 34. Kb2 Na6 35. a3 h5 36. Nfxh5+ gxh5 37. Nf5+ 1-0

[Event "Frankfurt Ch B 2018"]
[Site "Ffm-Höchst, BiKuZ"]
[Date "2018.06.18"]
[Round "7.6"]
[White "Mayer, Rolf"]
[Black "Dröser, Wolfgang"]
[Result "1/2-1/2"]
[WhiteElo "1361"]
[BlackElo "1260"]
[PlyCount "40"]
[EventDate "2018.??.??"]
[WhiteTeam "SC Flörsheim"]
[BlackTeam "SC Sulzbach"]

1. d4 f5 2. Nf3 Nf6 3. Bg5 e6 4. e3 Be7 5. Bxf6 Bxf6 6. Be2 O-O 7. c4 Nc6 8.
Nc3 Ne7 9. O-O c6 10. Qb3 d5 11. Rad1 Qe8 12. cxd5 exd5 13. Qc2 Ng6 14. Bd3 Bd8
15. Rfe1 Qf7 16. Ne2 Ne7 17. Ne5 Qh5 18. Ng3 Qh6 19. f4 g6 20. Nf3 Rf6 1/2-1/2

[Event "Frankfurt Ch B 2018"]
[Site "Ffm-Höchst, BiKuZ"]
[Date "2018.06.18"]
[Round "7.8"]
[White "Falk, Aniko Tim"]
[Black "Klein, Simon"]
[Result "1-0"]
[WhiteElo "1293"]
[BlackElo "1232"]
[PlyCount "109"]
[EventDate "2018.??.??"]
[WhiteTeam "SK Hungen"]
[BlackTeam "SK Hungen"]

1. e4 d6 2. Nf3 Nf6 3. Nc3 Nbd7 4. d4 e5 5. Bc4 Be7 6. O-O c6 7. Bg5 Qc7 8.
dxe5 dxe5 9. Qe2 h6 10. Bh4 g5 11. Bg3 g4 12. Nh4 Nf8 13. Rad1 Ne6 14. Nf5 Nf4
15. Ng7+ Kf8 16. Bxf4 exf4 17. Nf5 Bxf5 18. exf5 f3 19. gxf3 gxf3 20. Qxf3 Rg8+
21. Kh1 Ng4 22. Qh3 Qf4 23. f3 Ne3 24. Qh5 Qxc4 25. Qxh6+ Ke8 26. Qxe3 Qh4 27.
Rg1 Rh8 28. Rg2 f6 29. Qe6 Qh7 30. Rdg1 Kd8 31. Ne4 Qh6 32. Rg8+ Rxg8 33. Rxg8+
Bf8 34. Qxf6+ Qxf6 35. Nxf6 Ke7 36. Ne4 Rd8 37. Rh8 Rd1+ 38. Kg2 Bg7 39. f6+
Bxf6 40. Rh7+ Ke6 41. Nxf6 Rd2+ 42. Kg3 Kxf6 43. Rxb7 Rxc2 44. a3 c5 45. b4 c4
46. Rc7 Ke5 47. h4 c3 48. Rxa7 Rd2 49. Rc7 c2 50. h5 Kd6 51. Rc8 Ke7 52. h6 Kf6
53. h7 Rd8 54. Rxc2 Kg7 55. Rh2 1-0

[Event "Frankfurt Ch B 2018"]
[Site "Ffm-Höchst, BiKuZ"]
[Date "2018.06.18"]
[Round "7.9"]
[White "Giebitz, Walter"]
[Black "Peschk, Kathrin"]
[Result "1/2-1/2"]
[WhiteElo "1270"]
[BlackElo "1234"]
[PlyCount "84"]
[EventDate "2018.??.??"]
[WhiteTeam "SC Steinbach"]
[BlackTeam "SV Groß-Gerau"]

1. e4 d5 2. exd5 Nf6 3. Nc3 Nxd5 4. Nf3 Bg4 5. Be2 e6 6. O-O Nc6 7. d3 Bb4 8.
Nxd5 Qxd5 9. c3 Be7 10. Qb3 O-O-O 11. d4 Na5 12. Qxd5 exd5 13. Re1 Bd6 14. Ng5
Rhe8 15. Be3 Bxe2 16. Rxe2 f6 17. Nf7 Rd7 18. Nxd6+ Rxd6 19. b3 Rde6 20. h4 f5
21. g3 Nc6 22. Rae1 Nd8 23. Kf1 Nf7 24. Bf4 Rxe2 25. Rxe2 Rxe2 26. Kxe2 Kd7 27.
h5 g6 28. hxg6 hxg6 29. a4 g5 30. Bd2 b6 31. c4 dxc4 32. bxc4 c5 33. Ke3 Kd6
34. a5 Nh6 35. f3 g4 36. dxc5+ Kxc5 37. axb6 axb6 38. Kd3 Nf7 39. Be3+ Kc6 40.
fxg4 Ne5+ 41. Kd4 Nxg4 42. Bf4 Nf2 1/2-1/2

[Event "Frankfurt Ch B 2018"]
[Site "Ffm-Höchst, BiKuZ"]
[Date "2018.06.18"]
[Round "7.10"]
[White "Czinkota, Michael"]
[Black "Brunner, Andreas"]
[Result "1-0"]
[WhiteElo "1233"]
[BlackElo "1387"]
[PlyCount "65"]
[EventDate "2018.??.??"]
[WhiteTeam "SC Bad Soden"]
[BlackTeam "FV Berkersheim"]

1. e4 e6 2. d4 d5 3. Nc3 Nf6 4. e5 Nfd7 5. Nf3 c5 6. Bf4 cxd4 7. Nxd4 a6 8. Bd3
Bc5 9. Nf3 Nc6 10. O-O Qc7 11. Re1 b5 12. a3 Bb7 13. Bg3 Be7 14. Qd2 Rc8 15.
Rac1 Ba8 16. Nd1 Rd8 17. Ne3 Ndxe5 18. Nxe5 Nxe5 19. Ng4 Nf3+ 20. gxf3 Qb6 21.
Qe2 O-O 22. b3 Bg5 23. f4 Be7 24. f5 Rfe8 25. f6 Bd6 26. Bxd6 Qb7 27. Nh6+ Kh8
28. fxg7+ Kxg7 29. Qe5+ f6 30. Qg3+ Kh8 31. Kf1 Rd7 32. Rxe6 Rc8 33. Rce1 1-0

[Event "Frankfurt Ch B 2018"]
[Site "Ffm-Höchst, BiKuZ"]
[Date "2018.06.18"]
[Round "7.11"]
[White "Grünzig, Matthias"]
[Black "Pessotschinski, Lars"]
[Result "1/2-1/2"]
[WhiteElo "1347"]
[BlackElo "1251"]
[PlyCount "128"]
[EventDate "2018.??.??"]
[WhiteTeam "FV Berkersheim"]
[BlackTeam "TuS Makkabi"]

1. d4 Nf6 2. c4 g6 3. Nc3 Bg7 4. Nf3 O-O 5. Bg5 d6 6. h3 Nbd7 7. Qd2 e5 8. dxe5
Nxe5 9. Nxe5 dxe5 10. Rd1 Qxd2+ 11. Rxd2 Be6 12. Bxf6 Bxf6 13. Ne4 Be7 14. e3
Rad8 15. a3 f5 16. Nc3 Rd6 17. Nb5 Rxd2 18. Kxd2 Rd8+ 19. Kc2 c6 20. Nc3 a6 21.
b4 f4 22. e4 Kf7 23. Be2 h5 24. Rd1 Rxd1 25. Nxd1 b5 26. Nb2 Bh4 27. f3 Bd8 28.
Kc3 Bb6 29. c5 Bd8 30. Nd3 Bc7 31. Bd1 a5 32. Bb3 g5 33. Bxe6+ Kxe6 34. Kd2 Kf6
35. Ke2 Ke6 36. Kf2 Kf6 37. g3 Ke6 38. gxf4 gxf4 39. h4 Bd8 40. bxa5 Bxa5 41.
Ne1 Bc3 42. Nc2 Ba5 43. Kg2 Bd8 44. Nb4 Kd7 45. Kh3 Be7 46. Nd3 Ke6 47. Nb4
Bxc5 48. Nxc6 Bxa3 49. Na5 Kd6 50. Nb3 b4 51. Kg2 Kc6 52. Kf2 Kb5 53. Ke2 Kc4
54. Na5+ Kc3 55. Kd1 Kd3 56. Nc6 Ke3 57. Nxe5 Kd4 58. Ng6 Ke3 59. Ne5 Kd4 60.
Ng6 b3 61. Nxf4 Ke3 62. Nxh5 Kxf3 63. e5 Kg4 64. Nf6+ Kxh4 1/2-1/2

[Event "Frankfurt Ch B 2018"]
[Site "Ffm-Höchst, BiKuZ"]
[Date "2018.06.18"]
[Round "7.12"]
[White "Landvoigt, Martin"]
[Black "Winter, Thomas"]
[Result "1-0"]
[WhiteElo "1218"]
[BlackElo "1345"]
[PlyCount "93"]
[EventDate "2018.??.??"]
[WhiteTeam "SF Friedberg"]
[BlackTeam "SV Oberursel"]

1. f4 d6 2. Nf3 Nf6 3. e3 g6 4. c4 Bg7 5. Nc3 O-O 6. Be2 c6 7. O-O Qc7 8. d4
Nbd7 9. Rb1 a5 10. a4 b6 11. d5 Bb7 12. Nd4 Rfe8 13. Bf3 cxd5 14. Nxd5 Nxd5 15.
cxd5 Nc5 16. Nb5 Qc8 17. b3 Qf5 18. Bb2 Rac8 19. Bxg7 Kxg7 20. Qd4+ Qf6 21. Na7
Rcd8 22. Nc6 Rc8 23. Rfd1 e5 24. fxe5 dxe5 25. Qc4 Bxc6 26. dxc6 e4 27. Bg4
Rxc6 28. Rf1 Qe7 29. Rbd1 f5 30. Be2 Qc7 31. Qd4+ Kh6 32. Bc4 Qe5 33. Bb5 Rcc8
34. Bxe8 Rxe8 35. Rb1 Qe6 36. Qc3 Rc8 37. Qe1 Nxb3 38. Qh4+ Kg7 39. Rfd1 Nc5
40. Rd4 Qe8 41. Rbd1 Nd3 42. h3 h6 43. Qg3 Nc1 44. Rd7+ Kg8 45. Qd6 Nd3 46. Re7
Qf8 47. Qxg6+ 1-0

[Event "Frankfurt Ch B 2018"]
[Site "Ffm-Höchst, BiKuZ"]
[Date "2018.06.18"]
[Round "7.13"]
[White "Tryfon, Konstantin"]
[Black "Häfner, Günther"]
[Result "0-1"]
[WhiteElo "948"]
[BlackElo "1100"]
[PlyCount "38"]
[EventDate "2018.??.??"]
[WhiteTeam "SC Höchst"]
[BlackTeam "FV Berkersheim"]

1. e4 d5 2. exd5 Qxd5 3. Nc3 Qa5 4. d4 c6 5. Bc4 Bf5 6. Nf3 e6 7. O-O Nd7 8.
Re1 Qc7 9. Ne5 Nxe5 10. Rxe5 Bd6 11. Re3 Bxh2+ 12. Kh1 Bd6 13. Qh5 g6 14. Qe2
O-O-O 15. b3 Nf6 16. Qd1 Ng4 17. Re2 Bf4 18. Bb2 Bd2 19. Qxd2 Qh2# 0-1

[Event "Frankfurt Ch B 2018"]
[Site "Ffm-Höchst, BiKuZ"]
[Date "2018.06.18"]
[Round "7.15"]
[White "Wundram, Till"]
[Black "Brand, Achim"]
[Result "0-1"]
[WhiteElo "917"]
[BlackElo "1343"]
[PlyCount "58"]
[EventDate "2018.??.??"]
[WhiteTeam "vereinslos"]
[BlackTeam "SVG Echzell"]

1. d4 g6 2. Nf3 Bg7 3. e3 Nf6 4. Bd3 O-O 5. b3 b6 6. O-O Bb7 7. Bb2 d6 8. Re1
Nbd7 9. Nbd2 Re8 10. e4 e5 11. d5 c6 12. c4 Nc5 13. Qe2 a5 14. a3 Nh5 15. b4
Nf4 16. Qe3 Ncxd3 17. Reb1 Nxb2 18. Rxb2 cxd5 19. cxd5 Nxd5 20. exd5 e4 21. Nd4
Bxd5 22. Rc1 Qf6 23. bxa5 Qxd4 24. Qxd4 Bxd4 25. Rb5 Rxa5 26. Rbb1 e3 27. Nb3
exf2+ 28. Kh1 Bxb3 29. Rxb3 Re1+ 0-1

[Event "Frankfurt Ch B 2018"]
[Site "Ffm-Höchst, BiKuZ"]
[Date "2018.06.18"]
[Round "7.16"]
[White "Fredershausen, Kurt"]
[Black "Barth, Horst"]
[Result "0-1"]
[WhiteElo "1089"]
[BlackElo "1168"]
[PlyCount "106"]
[EventDate "2018.??.??"]
[WhiteTeam "SC Bad Soden"]
[BlackTeam "SF Mainz"]

1. e4 e5 2. Nf3 Nc6 3. d4 exd4 4. Nxd4 Nxd4 5. Qxd4 b6 6. Nc3 Bb7 7. Qd3 Bd6 8.
Nb5 Bc5 9. Nc3 Nf6 10. f3 O-O 11. Be3 Bxe3 12. Qxe3 Re8 13. O-O-O a5 14. a4 d6
15. Bd3 Nd5 16. Nxd5 Bxd5 17. Qf2 Bc6 18. b3 Qd7 19. c4 Qe6 20. Rhe1 Qe5 21.
Bc2 Re6 22. h3 Rae8 23. f4 Qa1+ 24. Kd2 Qa3 25. Ra1 Qc5 26. Qxc5 bxc5 27. g3
Bxe4 28. Bxe4 Rxe4 29. Rxe4 Rxe4 30. Re1 Rxe1 31. Kxe1 f5 32. Ke2 Kf7 33. Kf3
h5 34. g4 fxg4+ 35. hxg4 g6 36. gxh5 gxh5 37. f5 Kf6 38. Kf4 h4 39. Kg4 c6 40.
Kxh4 Kxf5 41. Kg3 Ke4 42. Kg4 d5 43. Kg3 Ke3 44. Kg4 d4 45. Kf5 d3 46. Ke5 d2
47. Kd6 d1=Q+ 48. Kxc6 Kd4 49. Kb5 Qxb3+ 50. Kxa5 Ke5 51. Ka6 Kd6 52. a5 Kc7
53. Ka7 Qb7# 0-1

[Event "Frankfurt Ch B 2018"]
[Site "Ffm-Höchst, BiKuZ"]
[Date "2018.06.18"]
[Round "7.17"]
[White "Lassek, Bjarne"]
[Black "Hartwig, Horst"]
[Result "1-0"]
[WhiteElo "912"]
[BlackElo "1155"]
[PlyCount "69"]
[EventDate "2018.??.??"]
[WhiteTeam "SC Nied"]
[BlackTeam "vereinslos"]

1. e4 e5 2. Nf3 Nc6 3. Bc4 h6 4. c3 Nf6 5. O-O Bc5 6. d4 exd4 7. cxd4 Be7 8.
Nc3 d6 9. h3 Na5 10. Bd3 d5 11. Re1 dxe4 12. Nxe4 O-O 13. a3 Nc6 14. Bc2 Nxe4
15. Bxe4 Bg5 16. Nxg5 hxg5 17. d5 f5 18. Bc2 Nb8 19. Bb3 g6 20. Ba2 Kg7 21. Qe2
Kh6 22. h4 f4 23. g3 Qd7 24. hxg5+ Kg7 25. Qe5+ Kh7 26. Qe7+ Qxe7 27. Rxe7+ Kh8
28. b4 Rf5 29. d6 Nd7 30. Bb2+ Ne5 31. Bxe5+ Rxe5 32. Rxe5 cxd6 33. Rd5 Kg7 34.
Re1 Be6 35. Rxe6 1-0

[Event "Frankfurt Ch B 2018"]
[Site "Ffm-Höchst, BiKuZ"]
[Date "2018.06.18"]
[Round "7.18"]
[White "von Borstel, Torben"]
[Black "Thaler, Regina"]
[Result "1-0"]
[WhiteElo "1151"]
[BlackElo "1097"]
[PlyCount "49"]
[EventDate "2018.??.??"]
[WhiteTeam "Hildesheimer SV"]
[BlackTeam "SK Bad Homburg"]

1. c4 d6 2. d4 Bf5 3. g3 Nf6 4. Bg2 Nc6 5. Nc3 Nb4 6. Qa4+ Nc6 7. d5 e5 8. dxc6
b6 9. Bg5 Be7 10. Nf3 Qc8 11. O-O Be6 12. Bxf6 Bxf6 13. Nd5 a5 14. Nxf6+ gxf6
15. Nh4 Rg8 16. Qc2 Rg7 17. Be4 Bh3 18. Bf5 Qa6 19. Bxh3 h5 20. Qf5 Kf8 21.
Qxf6 Qxc4 22. Nf5 Rg6 23. Qh8+ Rg8 24. Qh6+ Ke8 25. Qf6 1-0

[Event "Frankfurt Ch B 2018"]
[Site "Ffm-Höchst, BiKuZ"]
[Date "2018.06.18"]
[Round "7.19"]
[White "Kattenbusch, Sebastian"]
[Black "Czinkota, Thomas"]
[Result "1/2-1/2"]
[WhiteElo "1211"]
[BlackElo "799"]
[PlyCount "45"]
[EventDate "2018.??.??"]
[WhiteTeam "SF Friedberg"]
[BlackTeam "SC Bad Soden"]

1. e4 e5 2. Nf3 Nc6 3. Bb5 a6 4. Ba4 b5 5. Bb3 Nf6 6. d3 Be7 7. O-O O-O 8. Re1
Bc5 9. c3 d5 10. Nxe5 Nxe5 11. d4 Nxe4 12. dxc5 Nc4 13. Qd4 c6 14. Bxc4 bxc4
15. f3 Ng5 16. Bf4 Ne6 17. Qe3 Nxf4 18. Qxf4 Re8 19. Nd2 Be6 20. Rad1 Qa5 21.
Qd6 Rac8 22. Ra1 Rcd8 23. Qxc6 1/2-1/2

[Event "Frankfurt Ch B 2018"]
[Site "Ffm-Höchst, BiKuZ"]
[Date "2018.06.18"]
[Round "7.20"]
[White "Lachmann, Irma"]
[Black "Schäfer, Dieter"]
[Result "0-1"]
[WhiteElo "819"]
[BlackElo "1283"]
[PlyCount "72"]
[EventDate "2018.??.??"]
[WhiteTeam "FV Berkersheim"]
[BlackTeam "SV Ffm-Griesheim"]

1. e4 c5 2. Nf3 Nc6 3. Nc3 e5 4. Bc4 Nf6 5. d3 h6 6. O-O d6 7. h3 a6 8. a3 b5
9. Bb3 Bb7 10. Be3 Be7 11. Ne2 O-O 12. c3 Na5 13. Bc2 d5 14. Nxe5 dxe4 15. d4
cxd4 16. Nxd4 Bd6 17. Bf4 Qc7 18. Re1 Bxe5 19. Ne2 Bxf4 20. g3 Rad8 21. Nd4
Bxg3 22. Re3 Bf4 23. Re2 Rfe8 24. Qe1 Nc4 25. Bb3 Ne5 26. Kf1 Nf3 27. Nxf3 exf3
28. Rxe8+ Rxe8 29. Qd1 Qe5 30. Qe1 Qf5 31. Qxe8+ Nxe8 32. Ke1 Qe4+ 33. Kf1 Qd3+
34. Kg1 Qg6+ 35. Kf1 Qg2+ 36. Ke1 Qg1# 0-1